Statistics for Birds general knowledge quiz

Click here to take the quiz!

General Stats

  • This quiz has been taken 45 times
  • The average score is 20 of 35

Answer Stats

HintAnswer% Correct
heaviest bird in North America, often eaten during holidaysturkey
97%
a flightless bird found in Australia who defeated the army in the 1930semu
92%
an ostrich has ___ toestwo
92%
an extinct bird, once thought to be utterly moronic but was actually very smartdodo
90%
a tiny bird that beats its wings at roughly 70 times per secondhummingbird
87%
birds build these to raise their eggsnest
87%
"early bird gets the _____''worm
87%
hard structure found on the mouths of all birds, sometimes tipped with a hookbeak
77%
the domestic variant of the above; highly prized for display, eggs, and meatdomestic chicken
77%
the cassowary, a ratite native to New Guinea and Australia, has two elongated claws on its feet which measure up to _____ inches longfive
72%
birds swallow __________ in order to grind up their foodgastroliths
72%
the only amphibious flightless bird; found in cold climatespenguin
72%
a common pet bird; small but intelligent, and a member of the parakeet familybudgerigar, or budgie
67%
a wading bird with a spear-like bill which it uses for impaling fish, frogs and other aquatic animalsheron
67%
"nevermore''raven
67%
fish-eating bird of prey with fishhook-like talonsosprey
64%
grouping that birds belong indinosauria/reptilia
59%
plumed structures that most birds use for flight, and that other use for displayfeathers
59%
largest bird (by height) that ever livedgiant moa, or dinornis
59%
the above is stored in the ________gizzard
59%
birds have _______ boneshollow
59%
red, fluffy passerine with a distinctive tuft of feathers on its headnorthern cardinal
56%
large, goose-like bird native to northern climates, widely used for ornamental purposesswan
56%
there are about _______ different species of birds10,000
46%
a large, colorful bird with a strongly-hooked beakmacaw
44%
a red, crowing groundfowl native to jungle environmentsred junglefowl
38%
widely considered "the first bird''archaeopteryx
31%
the birds' closest living relatives arecrocodilians
28%
sharp, razor-like extensions found on the legs of many galliformesspurs
28%
african stork that eats almost anythingmarabou stork
21%
skin integument found on most birds' feetscales
15%
small, North American passerineblack-capped chickadee
10%
largest bird (by wingspan) that ever livedpelagornis
10%
in order to snap up larger fish, pelicans use their _______ _______gular pouch
5%
the bone that allows most birds to fly is called thebreastbone
0%

Score Distribution

Percentile by Number Answered

Percent of People with Each Score

Your Score History

You have not taken this quiz